000 00342nam a2200133Ia 4500
008 151001s9999||||xx |||||||||||||| ||und||
100 _aना ह आपटे
245 _aसुखाचा मूलमंत्र
250 _a1
260 _bआमुना प्रकाशन
260 _c1956
300 _a211
365 _b7
999 _c952380
_d952377